Statistiken für Alle Gegner der DFB-Nationalelf 2017

Klicken Sie hier um das Quiz zu spielen!

Allgemein

  • Dieses Quiz wurde 28 mal gespielt
  • Das Durchschnittsergebnis liegt bei 6 aus 12

Antwortstatistiken

Antwort% Korrekt
Frankreich
85%
England
70%
Dänemark
59%
Norwegen
52%
Mexiko
48%
Tschechien
44%
Australien
41%
Chile
41%
Kamerun
41%
San Marino
41%
Aserbaidschan
37%
Nordirland
37%

Verteilung der Resultate

Perzentil nach korrekt beantworteten Fragen

Anzahl Personen mit jedem Resultat

Ihre Resultats-Entwicklung

Sie haben dieses Quiz noch nicht gespielt